000 00387nam a2200157Ia 4500
008 210716s2009 xx 000 0 und d
020 _a9788131727607
041 _aeng
082 _a621.3921 SHOK
100 _aShort, Kenneth L.
245 _aVHDL for engineers.
250 _a1
260 _aNew Delhi
_bPearson Education
_c2009
300 _axxxii,685
650 _aDigital Systems
999 _c189621
_d189621